| 000 | 00957nam a22003137a 4500 | ||
|---|---|---|---|
| 001 | BR2016003230 | ||
| 003 | BR-BrBNA | ||
| 005 | 20230928104926.0 | ||
| 007 | ta | ||
| 008 | 230509b bl.||||| |||| 00| 0 por d | ||
| 040 |
_aBR-BrBNA _bpor _cBiblioteca Nacional de Agricultura |
||
| 041 | _a(Eng) | ||
| 072 | _aL70 | ||
| 090 | _ L70 BR2016003230 | ||
| 110 | 1 |
_aEMBRAPA Estudos e Capacitação, Brasília, DF (Brasil) _93611 |
|
| 111 | 1 |
_a2. Simpósio Embrapa Labex EUA de Sanidade Animal _cBrasília, DF (Brazil) _d28-30 Aug 2012 |
|
| 245 | 1 | _aAnais do evento 2. Simpósio Embrapa labex EUA de sanidade animal | |
| 260 | 3 |
_aBrasília, DF (Brasil): _c2012. |
|
| 300 | _a188 p. | ||
| 500 | _aSummary only.; 76 illus.; 8 tables | ||
| 650 | _aSANIDADE ANIMAL | ||
| 650 | _aVETERINÁRIA | ||
| 650 | _aCAPACITAÇÃO | ||
| 650 | _aPESQUISA | ||
| 650 | _aCIÊNCIA | ||
| 650 | _aTECNOLOGIA | ||
| 909 |
_a202309 _bLucia _c55 _dLucia Elande |
||
| 942 | _cBK | ||
| 999 |
_c82477 _d82477 |
||